000
00250nam a2200109Ia 4500
008
190216s9999||||xx |||||||||||||| ||und||
100
_a
Kaur H
245
0
_a
India Rise Of British
260
_b
Oriental Watchman Pub
650
_a
History
942
_c
BK
999
_c
20358
_d
20358